书目信息 |
| 题名: |
人与海洋
|
|
| 作者: | 赵兴德 著 | |
| 分册: | ||
| 出版信息: | 北京 海洋出版社 1991 |
|
| 页数: | 256页 | |
| 开本: | 19cm | |
| 丛书名: | 《海洋意识》丛书 | |
| 单 册: | ||
| 中图分类: | P74-49 | |
| 科图分类: | 57.196059 | |
| 主题词: | 海洋开发--普及读物 | |
| 电子资源: | ||
| ISBN: | 7-5027-1622-X | |
| 000 | 00640oam2 2200241 45 | |
| 001 | 0198005952 | |
| 005 | 20070710084213.43 | |
| 010 | @a7-5027-1622-X@dCNY6.00 | |
| 100 | @a19980119d1991 em y0chiy0121 ea | |
| 101 | 0 | @achi |
| 102 | @aCN@b110000 | |
| 105 | @ay z 000yy | |
| 200 | 10 | @a人与海洋@Aren yu hai yang@f赵兴德著 |
| 210 | @a北京@c海洋出版社@d1991 | |
| 215 | @a256页@d19cm | |
| 225 | 2 | @a《海洋意识》丛书 |
| 410 | 0 | @12001 @a《海洋意识》丛书 |
| 606 | @a海洋开发@x普及读物 | |
| 690 | @aP74-49@v3 | |
| 692 | @a57.196059@v2 | |
| 701 | 0 | @a赵兴德@Azhao xing de@4著 |
| 801 | 0 | @aCN@bTSSF@c20070710 |
| 905 | @a10447@dP74-49@e47 | |
| 人与海洋/赵兴德著.-北京:海洋出版社,1991 |
| 256页;19cm.-(《海洋意识》丛书) |
| ISBN 7-5027-1622-X:CNY6.00 |
| ● |
| 相关链接 |
|
|
|
|
正题名:人与海洋
索取号:P74-49/47
 
预约/预借
| 序号 | 登录号 | 条形码 | 馆藏地/架位号 | 状态 | 备注 |
| 1 | 0765974 | 207659746 | 第二样本阅览室/ [索取号:P74-49/47] | 在馆 |